<?xml version="1.0" encoding="UTF-8"?>
<record
    xmlns:xsi="http://www.w3.org/2001/XMLSchema-instance"
    xsi:schemaLocation="http://www.loc.gov/MARC21/slim http://www.loc.gov/standards/marcxml/schema/MARC21slim.xsd"
    xmlns="http://www.loc.gov/MARC21/slim">

  <leader>01005nam0a2200301   4500</leader>
  <controlfield tag="001">RU\NLR\BIBL_A\011512370</controlfield>
  <controlfield tag="005">20240727043357.0</controlfield>
  <datafield tag="010" ind1=" " ind2=" ">
    <subfield code="a">9785919189053</subfield>
    <subfield code="9">500</subfield>
  </datafield>
  <datafield tag="021" ind1=" " ind2=" ">
    <subfield code="a">RU</subfield>
    <subfield code="b">2017-74535</subfield>
    <subfield code="9">5314</subfield>
  </datafield>
  <datafield tag="035" ind1=" " ind2=" ">
    <subfield code="a">(RuMoRGB)009410146</subfield>
  </datafield>
  <datafield tag="035" ind1=" " ind2=" ">
    <subfield code="a">(NLR Aleph) 011512370</subfield>
  </datafield>
  <datafield tag="090" ind1=" " ind2=" ">
    <subfield code="a">12054057</subfield>
    <subfield code="c">12054057</subfield>
  </datafield>
  <datafield tag="100" ind1=" " ind2=" ">
    <subfield code="a">20171102d2017       y0rusy50      ca</subfield>
  </datafield>
  <datafield tag="101" ind1="0" ind2=" ">
    <subfield code="a">rus</subfield>
  </datafield>
  <datafield tag="102" ind1=" " ind2=" ">
    <subfield code="a">RU</subfield>
  </datafield>
  <datafield tag="105" ind1=" " ind2=" ">
    <subfield code="a">a   z   00ygy</subfield>
  </datafield>
  <datafield tag="200" ind1="1" ind2=" ">
    <subfield code="a">&#x41C;&#x430;&#x442;&#x435;&#x440;&#x438;, &#x431;&#x443;&#x434;&#x44C;&#x442;&#x435; &#x431;&#x43B;&#x430;&#x433;&#x43E;&#x441;&#x43B;&#x43E;&#x432;&#x435;&#x43D;&#x43D;&#x44B;</subfield>
    <subfield code="e">[&#x441;&#x431;&#x43E;&#x440;&#x43D;&#x438;&#x43A; &#x441;&#x442;&#x438;&#x445;&#x43E;&#x432;]</subfield>
    <subfield code="f">&#x412;&#x430;&#x43B;&#x435;&#x440;&#x438;&#x439; &#x413;&#x435;&#x432;&#x43E;&#x440;&#x43A;&#x43E;&#x432;</subfield>
  </datafield>
  <datafield tag="205" ind1=" " ind2=" ">
    <subfield code="a">&#x418;&#x437;&#x434;. 4-&#x435;</subfield>
  </datafield>
  <datafield tag="210" ind1=" " ind2=" ">
    <subfield code="a">&#x421;&#x430;&#x43D;&#x43A;&#x442;-&#x41F;&#x435;&#x442;&#x435;&#x440;&#x431;&#x443;&#x440;&#x433;</subfield>
    <subfield code="c">&#x420;&#x435;&#x43D;&#x43E;&#x43C;&#x435;</subfield>
    <subfield code="d">2017</subfield>
  </datafield>
  <datafield tag="215" ind1=" " ind2=" ">
    <subfield code="a">94, [1] &#x441;.</subfield>
    <subfield code="c">&#x446;&#x432;. &#x438;&#x43B;., &#x43F;&#x43E;&#x440;&#x442;&#x440;.</subfield>
    <subfield code="d">15</subfield>
  </datafield>
  <datafield tag="686" ind1=" " ind2=" ">
    <subfield code="a">&#x428;5(2=&#x420;)64-65&#x44F;44</subfield>
    <subfield code="2">rubbk</subfield>
  </datafield>
  <datafield tag="686" ind1="2" ind2=" ">
    <subfield code="a">&#x428;6(2=&#x420;)8-5</subfield>
  </datafield>
  <datafield tag="700" ind1=" " ind2="1">
    <subfield code="a">&#x413;&#x435;&#x432;&#x43E;&#x440;&#x43A;&#x43E;&#x432;</subfield>
    <subfield code="b">&#x412;. &#x410;.</subfield>
    <subfield code="g">&#x412;&#x430;&#x43B;&#x435;&#x440;&#x438;&#x439; &#x410;&#x43C;&#x430;&#x44F;&#x43A;&#x43E;&#x432;&#x438;&#x447;</subfield>
  </datafield>
  <datafield tag="942" ind1=" " ind2=" ">
    <subfield code="c">BOOK</subfield>
  </datafield>
  <datafield tag="980" ind1=" " ind2=" ">
    <subfield code="a">NBR</subfield>
  </datafield>
</record>
